000 00472nam a2200193 a 4500
001 1764920667400
003 ACL
005 20251205131612.0
008 251205s2001##################000#0#eng##
020 _a9780521660389
082 0 4 _a629.416
_bFRE
100 1 _aFreeman, John W.,
_eauthor.
245 1 0 _aStorms in Space :
260 _bCambridge University Press,
_c2001.
300 _a170 pages
650 0 _aNature.
942 _cENGLISH
040 _aACL
_beng
_cACL
999 _c600346
_d600346